000 00293nam a22001337a 4500
008 171107b xxu||||| |||| 00| 0 eng d
020 _a0256017808
041 _aeng
080 _a330.722.6
100 _a62
101 _aKON
245 _aMANAGERIAL ACCOUNTING
_cRAY.H.G
942 _2udc
_cBK
999 _c38110
_d38110